00938nam a22002537a 4500999001500000001000500015003000900020005001700029008004100046040003800087082002500125100002200150245007900172250001700251260004400268300003000312504005100342610003900393650004200432650005400474700002100528942001200549952012300561 c7785d77859083BD-DhUAP20210201140138.0210201s1991 pk bl 001 0 eng  aBD-DhUAPcBD-DhUAPdBD-DhUAPbEng 223a346.54910438 MAH1 aMahmood, Shaukat.14aThe Registration Act :bXVI of 1908 /cShaukat Mahmood and Nadeem Shaukat. a4th rev. ed. aLahore :bLegal Research Centre,c1991. aviii, 315 pages ;c23 cm. aIncludes bibliographical references and index.10aPakistan.tRegistration Act, 1908. 0aRecording and registrationzPakistan. 0aLand titlesxRegistration and transferzPakistan.1 aShaukat, Nadeem. 2ddccBK 00102ddc4070aUAPCLbUAPCLcReserve Stacksd2021-02-01o346.54910438 MAHp3010009083r2021-02-01t1w2021-02-01yBK